[Event "Belgrade tt Cup"]
[Site "Belgrade"]
[Date "2013.04.18"]
[Round "2"]
[White "Mihajlovic, Milorad"]
[Black "Ristic, Ljubisa"]
[Result "1/2-1/2"]
[WhiteElo "1942"]
[BlackElo "2162"]
[PlyCount "48"]
[EventDate "2013.04.17"]
[EventType "team-swiss"]
[EventRounds "5"]
[EventCountry "SRB"]
[SourceTitle "EXT 2015"]
[Source "ChessBase"]
[SourceDate "2014.11.20"]
[SourceVersion "1"]
[SourceVersionDate "2014.11.20"]
[SourceQuality "1"]

1. Nf3 Nf6 2. c4 e6 3. g3 b6 4. Bg2 Bb7 5. 0-0 Be7 6. Nc3 0-0 7. b3 c5 8. d4 cxd4 9. Nxd4 Bxg2 10. Kxg2 d5 11. cxd5 Nxd5 12. Nxd5 Qxd5+ 13. Nf3 Rd8 14. Qxd5 Rxd5 15. Bb2 Na6 16. Rfd1 Rad8 17. Rxd5 Rxd5 18. Rc1 Rc5 19. Rxc5 Bxc5 20. Nd4 Bxd4 21. Bxd4 Nb4 22. a3 Nc6 23. Bc3 b5 24. Kf3 f6 1/2-1/2

[Event "Belgrade tt Cup"]
[Site "Belgrade"]
[Date "2011.04.15"]
[Round "3"]
[White "Radivojevic, Milan R"]
[Black "Ristic, Ljubisa"]
[Result "1-0"]
[WhiteElo "2288"]
[BlackElo "2184"]
[PlyCount "101"]
[EventDate "2011.04.13"]
[EventType "team-tourn"]
[EventRounds "5"]
[EventCountry "SRB"]
[SourceTitle "CBM 141 Extra"]
[Source "ChessBase"]
[SourceDate "2011.05.03"]
[SourceVersion "1"]
[SourceVersionDate "2011.05.03"]
[SourceQuality "1"]

1. e4 c5 2. Nc3 Nc6 3. g3 g6 4. Bg2 Bg7 5. d3 e6 6. Be3 d6 7. Qd2 Rb8 8. Nge2 Nd4 9. 0-0 Ne7 10. Nd1 0-0 11. c3 Nxe2+ 12. Qxe2 b6 13. f4 Bb7 14. Bd2 Qd7 15. Ne3 Rbe8 16. Rae1 f5 17. Bc1 b5 18. Qc2 a5 19. a4 fxe4 20. dxe4 bxa4 21. Rd1 Nc8 22. Rf2 Rd8 23. Nc4 Qb5 24. Bf1 Qb3 25. Bd3 Qxc2 26. Bxc2 Bc6 27. Nxa5 Bb5 28. Be3 Rf7 29. Bxc5 Rfd7 30. Be3 d5 31. Rfd2 a3 32. c4 dxc4 33. Rxd7 Rxd7 34. Rxd7 Bxd7 35. bxa3 Bb5 36. Bc5 Kf7 37. Kf2 Bc3 38. Nb7 Ke8 39. Ke3 Bc6 40. Nd6+ Nxd6 41. Bxd6 Kd7 42. Be5 Be1 43. Kd4 Bb5 44. Kc5 Ba6 45. Kb6 Bc8 46. Bd4 h5 47. e5 h4 48. gxh4 Bd2 49. Bxg6 Bxf4 50. h5 Ke7 51. a4 1-0

[Event "Belgrade tt Cup"]
[Site "Belgrade"]
[Date "2011.04.14"]
[Round "2"]
[White "Ilijc, Milan"]
[Black "Ristic, Ljubisa"]
[Result "1/2-1/2"]
[WhiteElo "2203"]
[BlackElo "2184"]
[PlyCount "69"]
[EventDate "2011.04.13"]
[EventType "team-tourn"]
[EventRounds "5"]
[EventCountry "SRB"]
[SourceTitle "CBM 141 Extra"]
[Source "ChessBase"]
[SourceDate "2011.05.03"]
[SourceVersion "1"]
[SourceVersionDate "2011.05.03"]
[SourceQuality "1"]

1. c4 e6 2. b3 f5 3. Bb2 Nf6 4. g3 Be7 5. Bg2 0-0 6. Nf3 d5 7. 0-0 c6 8. d3 a5 9. Qc2 Na6 10. Nbd2 Bd7 11. Rad1 Nb4 12. Qb1 Be8 13. a3 Na6 14. e4 Bh5 15. exf5 exf5 16. Rde1 Nc5 17. Ne5 Bd6 18. Qc2 h6 19. f4 Rc8 20. h3 dxc4 21. Ndxc4 Bf7 22. Nxf7 Rxf7 23. Nxd6 Qxd6 24. Be5 Qf8 25. Qc4 Ncd7 26. a4 Qc5+ 27. Bd4 Qxc4 28. dxc4 Rd8 29. Re6 Nh5 30. Re3 Kf8 31. Rfe1 g5 32. fxg5 hxg5 33. Bc3 f4 34. gxf4 gxf4 35. Rd3 1/2-1/2

[Event "Belgrade tt Cup"]
[Site "Belgrade"]
[Date "2010.04.15"]
[Round "2.8"]
[White "Savic, Nemanja"]
[Black "Ristic, Ljubisa"]
[Result "1/2-1/2"]
[WhiteElo "1834"]
[BlackElo "2200"]
[PlyCount "107"]
[EventDate "2010.04.14"]
[EventType "team-tourn"]
[EventRounds "5"]
[EventCountry "SRB"]
[SourceTitle "EXT 2012"]
[Source "ChessBase"]
[SourceDate "2011.11.24"]
[SourceVersion "1"]
[SourceVersionDate "2011.11.24"]
[SourceQuality "1"]

1. c4 e6 2. Nc3 d5 3. cxd5 exd5 4. d4 Nf6 5. Nf3 Be7 6. g3 0-0 7. Bg2 Re8 8. 0-0 c6 9. Qc2 Nbd7 10. Bf4 Nf8 11. Rad1 Ng6 12. Bg5 Ne4 13. Bxe7 Qxe7 14. e3 Bg4 15. h3 Bf5 16. Nxe4 Bxe4 17. Qb3 Rad8 18. Qc3 Rd6 19. b4 Rf6 20. Nd2 Bxg2 21. Kxg2 h5 22. Qc5 Qxc5 23. bxc5 b5 24. Nb3 Nf8 25. Na5 Re7 26. h4 Nh7 27. Nb3 g6 28. Nd2 a5 29. Nf3 Rfe6 30. Ne5 Kg7 31. Rfe1 Nf6 32. f3 Ne8 33. Kf2 Nc7 34. Nd3 Re8 35. a3 f6 36. Re2 R6e7 37. Rde1 Ne6 38. Nf4 Kf7 39. Nxe6 Rxe6 40. e4 dxe4 41. fxe4 f5 42. e5 g5 43. hxg5 Rg8 44. Re3 Rxg5 45. Rd1 Rg4 46. d5 cxd5 47. Rxd5 Re4 48. c6 Rxc6 49. Rxb5 a4 50. e6+ Rcxe6 51. Rxf5+ Rf6 52. Ref3 Rxf5 53. Rxf5+ Kg6 54. Ra5 1/2-1/2

[Event "Belgrade tt Cup"]
[Site "Belgrade"]
[Date "2010.04.14"]
[Round "1.4"]
[White "Kostic, Branimir"]
[Black "Ristic, Ljubisa"]
[Result "1-0"]
[WhiteElo "2262"]
[BlackElo "2200"]
[PlyCount "117"]
[EventDate "2010.04.14"]
[EventType "team-tourn"]
[EventRounds "5"]
[EventCountry "SRB"]
[SourceTitle "EXT 2012"]
[Source "ChessBase"]
[SourceDate "2011.11.24"]
[SourceVersion "1"]
[SourceVersionDate "2011.11.24"]
[SourceQuality "1"]

1. d4 d5 2. c4 e6 3. Nf3 Nf6 4. Nc3 Be7 5. Bg5 h6 6. Bf4 a6 7. e3 0-0 8. Rc1 Bd6 9. Bg3 Nbd7 10. Bd3 dxc4 11. Bxc4 b5 12. Bd3 Bb7 13. Qe2 b4 14. Na4 Ne4 15. 0-0 Nxg3 16. hxg3 Qe7 17. Bb1 e5 18. dxe5 Nxe5 19. Nxe5 Qxe5 20. Qc2 g6 21. b3 Rfe8 22. Nc5 Bc8 23. Qc4 Bxc5 24. Qxc5 Qxc5 25. Rxc5 Re7 26. Rd1 Be6 27. Rd4 a5 28. Be4 Ra7 29. Bc6 Kg7 30. e4 f6 31. f3 Kf7 32. Kf2 g5 33. f4 Kg7 34. Kf3 Bf7 35. Rd8 Be6 36. Ke3 Bf7 37. Kd4 Bg6 38. Ra8 Rxa8 39. Bxa8 Be8 40. Bc6 Kf8 41. Bxe8 Kxe8 42. Rxa5 Re6 43. e5 Rc6 44. Rc5 fxe5+ 45. fxe5 Ra6 46. Rc2 Kd7 47. Rf2 Ke7 48. Kc5 Ra5+ 49. Kd4 Ra6 50. Rc2 Kd7 51. g4 Ra8 52. Rf2 Ke7 53. Kc4 Ke6 54. Re2 Rf8 55. Kxb4 Rf4+ 56. Kc5 Rxg4 57. a4 Rg3 58. Kb4 c5+ 59. Kc4 1-0